=LDR 00000nam 2200000 4500 =001 INLIS000000001054227 =005 20251128035606 =035 ##$$a 0010-1125000105 =007 ta =008 251128################g##########1#ind## =020 ##$$a 978-602-7114-08-8 =082 ##$$a 899.221 3 =084 ##$$a 899.221 3 ERN n =100 #$$a Ernest Prakasa =245 1#$$a Ngenest3 /$c Ernest Prakasa; penyunting, Dewi Fita =250 ##$$a cetaka kedua =260 ##$$a Jakarta :$b Rak Buku,$c 2015 =300 ##$$a x, 186 halaman ; $c 14 x 20 cm =650 #4$$a Fiksi Indonesia =700 #$$a Dewi Fita (penyunting) =990 ##$$a 11281128